Marketing en el fitness: gestión de servicios deportivos. Fidelizar y captar nuevos clientes
Saved in:
| Main Authors: | , , |
|---|---|
| Format: | Bog |
| Sprog: | spansk |
| Udgivet: |
Badalona
Paidotribo
2012
|
| Udgivelse: | 1a. ed |
| Fag: | |
| Tags: |
Tilføj Tag
Ingen Tags, Vær først til at tagge denne postø!
|
MARC
| LEADER | 00000cam a2200000 a 4500 | ||
|---|---|---|---|
| 001 | UCE0579 | ||
| 003 | CL-VaPUC | ||
| 008 | 140124e20120000sp |||||||||||||||||spa|d | ||
| 020 | |a 9788499101514 | ||
| 082 | 0 | 4 | |a 658.8105 |b FER |2 21 |
| 100 | 0 | |a Ferrand, Alain Claude |e author |9 572947 | |
| 700 | 0 | |a Nardi, Marco |e author |9 572948 | |
| 700 | 0 | |a Gambau i Pinasa, Vicente |e author |9 572949 | |
| 245 | 1 | 0 | |a Marketing en el fitness: gestión de servicios deportivos. Fidelizar y captar nuevos clientes |
| 250 | |a 1a. ed | ||
| 300 | |a 246 p | ||
| 942 | |c BK | ||
| 945 | |d 20140124 15:34:00 |a dcastane | ||
| 260 | |a Badalona |b Paidotribo |c 2012 | ||
| 650 | 0 | |a Marketing |9 259324 | |
| 650 | 0 | |a Servicio al cliente |9 320800 | |
| 650 | 0 | |a Investigación de mercado |9 332310 | |
| 650 | 0 | |a Planificación estratégica |9 259735 | |
| 583 | |a last modification |c 20141114 05:35:49 |k Rodrigo Vera | ||
| 999 | |c 354656 |d 354654 | ||
| 952 | |0 0 |1 0 |3 erb |4 0 |6 658_810500000000000_FER_2012 |7 0 |8 A |9 460641 |a BIBEDU |b BIBEDU |i 5054044 |o 658.8105 FER 2012 |p 5054044 |r 2019-11-23 |w 2019-11-23 |y BK |z Catalogado en:20140124 |k EFI | ||
| 952 | |0 0 |1 0 |3 erb |4 0 |6 658_810500000000000_FER_2012 |7 0 |8 A |9 460642 |a BIBEDU |b BIBEDU |i 5054052 |o 658.8105 FER 2012 |p 5054052 |r 2019-11-23 |w 2019-11-23 |y BK |z Catalogado en:20140124 |k EFI | ||
| 952 | |0 0 |1 0 |3 erb |4 0 |6 658_810500000000000_FER_2012 |7 0 |8 A |9 460643 |a BIBEDU |b BIBEDU |i 5477220 |o 658.8105 FER 2012 |p 5477220 |r 2019-11-23 |w 2019-11-23 |y BK |z Catalogado en:20180622 |k EFI | ||
| 952 | |0 0 |1 0 |3 erb |4 0 |6 658_810500000000000_FER_2012 |7 0 |8 A |9 460644 |a BIBEDU |b BIBEDU |i 5477239 |o 658.8105 FER 2012 |p 5477239 |r 2019-11-23 |w 2019-11-23 |y BK |z Catalogado en:20180622 |k EFI | ||
| 952 | |0 0 |1 0 |3 erb |4 0 |6 658_810500000000000_FER_2012 |7 0 |8 A |9 460645 |a BIBEDU |b BIBEDU |i 5477247 |o 658.8105 FER 2012 |p 5477247 |r 2019-11-23 |w 2019-11-23 |y BK |z Catalogado en:20180622 |k EFI | ||